UEFA European Championship Host Countries - Sudden Death - Statistics

General Stats
  • This quiz has been taken 2,929 times
    2,192 since last reset
  • The average score is 8 of 24
Answers on the Grid
Answers color-coded by a green-red scale on the quiz's grid according to % correct below.
Austria
Azerbaijan
Belarus
Belgium
Croatia
Czech Republic
Czechoslovakia
Denmark
East Germany
England
Finland
France
Georgia
Germany
Greece
Hungary
Iceland
Ireland
Israel
Italy
Kazakhstan
Latvia
Lithuania
Luxembourg
Malta
Netherlands
Northern Ireland
Norway
Poland
Portugal
Romania
Russia
Scotland
Soviet Union
Spain
Sweden
Switzerland
Turkey
Ukraine
Wales
West Germany
Yugoslavia
 
Answer Stats
Answer % Correct
England
65%
Germany
63%
France
60%
Austria
58%
Belgium
52%
Italy
51%
Spain
49%
Netherlands
43%
Portugal
42%
Poland
38%
West Germany
38%
Ukraine
34%
Switzerland
33%
Denmark
26%
Sweden
24%
Russia
22%
Azerbaijan
20%
Hungary
17%
Scotland
16%
Yugoslavia
15%
Ireland
11%
Turkey
11%
Wales
11%
Romania
8%
No matching quizzes found
Score Distribution
Percent of People with Each Score
Percentile by Number Answered
Your Score History
You have not taken this quiz since the last reset